Estatísticas para Países mais próximos da Guiné - corrida de um minuto

Clique aqui para jogar o quiz

Estatísticas Gerais

  • Esse quiz foi jogado 10 vezes
  • A pontuação média é 13 de 20

Estatísticas das Respostas

kmpaís% Correto
1001Níger
100%
1137Nigéria
100%
0Senegal
100%
0Mali
89%
1657Marrocos
89%
0Côte d'Ivoire
78%
540Gana
78%
0Libéria
78%
1409Argélia
67%
267Burkina Faso
67%
74Gâmbia
67%
0Guiné-Bissau
67%
280Mauritânia
67%
996Cabo Verde
56%
1831Camarões
56%
0Serra Leoa
56%
875Togo
56%
947Benim
44%
1684Espanha
11%
965Saara Ocidental
11%

Distribuição das Pontuações

Percentil de Números Respondidos

Porcentagem de Pessoas com Cada Pontuação

Sua Pontuação Histórica

Você não jogou esse quiz